Survey (Record no. 83902)
[ view plain ]
| 000 -LEADER | |
|---|---|
| fixed length control field | 01063cab a22002295a 4500 |
| 001 - CONTROL NUMBER | |
| control field | L155712 |
| 008 - FIXED-LENGTH DATA ELEMENTS--GENERAL INFORMATION | |
| fixed length control field | 120410e2012 xxk 000 0 eng d |
| 035 ## - SYSTEM CONTROL NUMBER | |
| System control number | (Sirsi) u155712 |
| 041 0# - LANGUAGE CODE | |
| Language code of text/sound track or separate title | eng |
| 110 2# - MAIN ENTRY--CORPORATE NAME | |
| Corporate name or jurisdiction name as entry element | EuroProperty |
| 9 (RLIN) | 1216 |
| 245 00 - TITLE STATEMENT | |
| Title | Survey |
| Remainder of title | Nordic countries |
| 260 ## - PUBLICATION, DISTRIBUTION, ETC. | |
| Date of publication, distribution, etc. | 2012 |
| 490 #0 - SERIES STATEMENT | |
| Series statement | EuroProperty |
| Volume/sequential designation | 2 April 2012, 17-21(5) |
| 520 ## - SUMMARY, ETC. | |
| Summary, etc. | Property investments in the Nordic region reached Euros 16.9bn in 2011 according to CBRE , down 5% on 2010: Denmark reported Euros 1.53 bn in H2 2011; Finland's 2011 total was Euros 1.77bn; Norway saw a 2011 turnover of Euros 4bn; and Sweden totalled Euros 10.47bn in 2011. Swedish GDP figures for Q4 2011 are the strongest evidence yet that the Eurozone crisis is affecting the region. Sweden is currently an attractive market for international property investors but unleveraged local players are favoured in competition to get core assets. |
| 590 ## - LOCAL NOTE (RLIN) | |
| Local note | KA |
| 651 #4 - SUBJECT ADDED ENTRY--GEOGRAPHIC NAME | |
| Geographic name | Sweden |
| 651 #4 - SUBJECT ADDED ENTRY--GEOGRAPHIC NAME | |
| Geographic name | Finland |
| 651 #4 - SUBJECT ADDED ENTRY--GEOGRAPHIC NAME | |
| Geographic name | Denmark |
| 651 #4 - SUBJECT ADDED ENTRY--GEOGRAPHIC NAME | |
| Geographic name | Norway |
| 690 ## - LOCAL SUBJECT ADDED ENTRY--TOPICAL TERM (OCLC, RLIN) | |
| Topical term or geographic name as entry element | Commercial property |
| 9 (RLIN) | 6227 |
| 942 ## - ADDED ENTRY ELEMENTS (KOHA) | |
| Suppress in OPAC | 0 |
| Withdrawn status | Lost status | Source of classification or shelving scheme | Damaged status | Not for loan | Home library | Current library | Shelving location | Date acquired | Total Checkouts | Full call number | Barcode | Date last seen | Price effective from | Koha item type |
|---|---|---|---|---|---|---|---|---|---|---|---|---|---|---|
| Dewey Decimal Classification | London | London | Journal article | 09/04/2012 | L155712 | 155712-1001 | 06/08/2019 | 06/08/2019 | Journal |